Enzo and the Fourth of July races / Garth Stein ; illustrated by R.W. Alley.
For Enzo, the Fourth of July means three things: fireworks, family, and car races! This year Zoë is finally old enough to compete in the Kids' Kart Challenge. But when one of the boys at the track says that girls aren't fast drivers, Zoë gets nervous and backs out of the race. Enzo knows it's up to him to help his family regain the confidence to compete on the big day.
Record details
- ISBN: 9780062380593
- ISBN: 0062380591
- Physical Description: 1 volume (unpaged) : color illustrations ; 26 cm.
- Edition: First edition.
- Publisher: New York, New York : Harper, an imprint of HarperCollins Publishers, ©2017
Search for related items by subject
Available copies
- 1 of 1 copy available at scottsboropl.
Holds
- 0 current holds with 1 total copy.
Show Only Available Copies
| Location | Call Number / Copy Notes | Barcode | Shelving Location | Status | Due Date |
|---|---|---|---|---|---|
| scottsboropl | E Ste | 32269001018004 | Juvenile - Display | Available | - |
| LDR | 01822cam a2200397Ii 4500 | ||
|---|---|---|---|
| 001 | 143990 | ||
| 003 | CONS | ||
| 005 | 20171012135453.0 | ||
| 008 | 170501t20172017nyua b 000 1 eng d | ||
| 020 | . | ‡a9780062380593 ‡q(hardback) | |
| 020 | . | ‡a0062380591 ‡q(hardback) | |
| 035 | . | ‡a(CPomAG)LMN600866 | |
| 050 | 1 | 4. | ‡aPZ7.S82 ‡bEnf 2017 |
| 092 | . | ‡a[E] | |
| 100 | 1 | . | ‡aStein, Garth, ‡eauthor. |
| 245 | 1 | 0. | ‡aEnzo and the Fourth of July races / ‡cGarth Stein ; illustrated by R.W. Alley. |
| 250 | . | ‡aFirst edition. | |
| 264 | 1. | ‡aNew York, New York : ‡bHarper, an imprint of HarperCollins Publishers, ‡c©2017 | |
| 300 | . | ‡a1 volume (unpaged) : ‡bcolor illustrations ; ‡c26 cm. | |
| 336 | . | ‡atext ‡2rdacontent | |
| 336 | . | ‡astill image ‡2rdacontent | |
| 337 | . | ‡aunmediated ‡2rdamedia | |
| 338 | . | ‡avolume ‡2rdacarrier | |
| 520 | . | ‡aFor Enzo, the Fourth of July means three things: fireworks, family, and car races! This year Zoë is finally old enough to compete in the Kids' Kart Challenge. But when one of the boys at the track says that girls aren't fast drivers, Zoë gets nervous and backs out of the race. Enzo knows it's up to him to help his family regain the confidence to compete on the big day. | |
| 650 | 0. | ‡aDogs ‡vJuvenile fiction. | |
| 650 | 0. | ‡aFourth of July ‡vJuvenile fiction. | |
| 650 | 0. | ‡aHuman-animal relationships ‡vJuvenile fiction. | |
| 650 | 0. | ‡aKarts (Automobiles) ‡vJuvenile fiction. | |
| 650 | 0. | ‡aSelf-confidence ‡vJuvenile fiction. | |
| 650 | 0. | ‡aIdentity (Philosophical concept) ‡vJuvenile fiction. | |
| 650 | 0. | ‡aKarting ‡vJuvenile fiction. | |
| 650 | 4. | ‡aTransportation ‡vFiction. | |
| 650 | 4. | ‡aAutomobiles ‡xFiction. | |
| 700 | 1 | . | ‡aAlley, R. W., ‡d1955- ‡eillustrator. |
| 959 | . | ‡i32269001018004 ‡lE Ste ‡aJuvenile - Easy ‡tEasy ‡g20.00 | |
| 852 | . | ‡p32269001018004 ‡jE Ste ‡gJuvenile - Easy ‡cEasy ‡y20.00 ‡bSBPL | |
| 901 | . | ‡a143990 ‡bUnknown ‡c143990 ‡tbiblio | |